Simbolo de Elemento Quimico por Nombre (ordenado) - Estadísticas

Estadísticas generales
  • Esta prueba ha sido intentada 154 veces
  • La puntuación promedio es 67 de 73
Estadísticas de respuestas
% Correcto
5 Boro B
100%
4 Berilio Be
100%
6 Carbono C
100%
9 Flúor F
100%
1 Hidrógeno H
100%
2 Helio He
100%
3 Litio Li
100%
7 Nitrógeno N
100%
10 Neón Ne
100%
8 Oxígeno O
100%
13 Aluminio Al
99%
17 Cloro Cl
99%
24 Cromo Cr
99%
12 Magnesio Mg
99%
14 Silicio Si
99%
35 Bromo Br
98%
20 Calcio Ca
98%
27 Cobalto Co
98%
19 Potasio K
98%
25 Manganeso Mn
98%
28 Niquel Ni
98%
18 Argón Ar
97%
11 Sodio Na
97%
15 Fosforo P
97%
34 Selenio Se
97%
22 Titanio Ti
97%
31 Galio Ga
96%
36 Kriptón Kr
96%
23 Vanadio V
96%
26 Hierro Fe
95%
32 Germanio Ge
95%
37 Rubidio Rb
95%
56 Bario Ba
94%
16 Azufre S
94%
33 Arsenico As
93%
79 Oro Au
93%
30 Cinc Zn
93%
29 Cobre Cu
92%
88 Radio Ra
92%
54 Xenón Xe
92%
55 Cesio Cs
91%
87 Francio Fr
91%
49 Indio In
91%
76 Osmio Os
91%
53 Yodo I
90%
84 Polonio Po
90%
83 Bismuto Bi
89%
48 Cadmio Cd
89%
77 Iridio Ir
89%
78 Platino Pt
89%
75 Renio Re
89%
44 Rutenio Ru
89%
81 Talio Tl
89%
74 Wolframio W
89%
85 Astato At
88%
43 Tecnecio Tc
88%
52 Telurio Te
88%
47 Plata Ag
87%
38 Estroncio Sr
87%
73 Tántalo Ta
87%
72 Hafnio Hf
86%
42 Molibdeno Mo
86%
21 Escandio Sc
86%
46 Paladio Pd
85%
82 Plomo Pb
84%
50 Estaño Sn
84%
41 Niobio Nb
83%
80 Mercurio Hg
81%
86 Radón Rn
80%
51 Antimonio Sb
64%
39 Itrio Y
64%
40 Circonio Zr
59%
45 Rodio Rh
58%
No se encontraron pruebas coincidentes
Distribución de puntuación
Porcentaje de gente con cada puntuación
Porcentaje por número respondido
Historial de tus puntuaciones
No has intentado esta prueba.